000 00230nam a2200097Ia 4500
001 655155
005 20250826154531.0
008 250824s9999 xx 000 0 und d
245 0 _aRuby Rogers Oyunbozan
_cSue Limb
260 _bALTIN
999 _c655155
_d655155